| 000 | 00865cab a2200253 4500 | ||
|---|---|---|---|
| 001 | ABS55408 | ||
| 008 | 090401t1996 xxu||||| |||| 00| 0 eng d | ||
| 035 | _a(Sirsi) u16232 | ||
| 041 | _aeng | ||
| 100 | _aHurley, N | ||
| 245 | _aEthics and ethical behaviour in the property valuation profession | ||
| 260 | _c1996 | ||
| 350 | _a0 | ||
| 490 |
_aAppraisal Journal _v64(2) April 1996, 125-128(4) |
||
| 520 | _aLooks at ethical behaviour in the surveying profession and assesses the impact of technology and new regulations on the profession`s ethical standards. (American article). | ||
| 650 | _aPROFESSIONAL CONDUCT | ||
| 650 | _aPROFESSIONAL ETHICS | ||
| 650 | _aPROFESSIONAL PRACTICE | ||
| 650 | _aPROPERTY VALUATION | ||
| 650 | _aSURVEYORS | ||
| 690 | _aMANAGEMENT-BUSINESS MANAGEMENT-PROFESSIONAL PRACTICE | ||
| 942 | _n0 | ||
| 948 | _c04/03/1997 | ||
| 999 |
_c10668 _d10668 |
||